000 00297nam a22001337a 4500
008 171024b xxu||||| |||| 00| 0 eng d
020 _a9780072875652
041 _aeng
080 _25ED
_a311
100 _a55
101 _aSTA
245 _aELEMENTARY STATISTICS
_cBLUMAN.A.G
942 _2udc
_cBK
999 _c35612
_d35612